Agitation to legislation: (Record no. 158275)

MARC details
000 -LEADER
fixed length control field 00647nam a22001937a 4500
005 - DATE AND TIME OF LATEST TRANSACTION
control field 20181024131509.0
010 ## - LCCN (DPL NO)
LC control number ENG-124352
020 ## - INTERNATIONAL STANDARD BOOK NUMBER
International Standard Book Number 97801990482177
Terms of availability 675.00
035 ## - SYSTEM CONTROL NUMBER
System control number EN-107884
037 ## - SOURCE OF ACQUISITION
Source of stock number/acquisition DBAD/PUB
082 ## - DEWEY DECIMAL CLASSIFICATION NUMBER
Classification number 320.9540905
100 ## - MAIN ENTRY--PERSONAL NAME
Personal name Zoya Hasan
245 ## - TITLE STATEMENT
Title Agitation to legislation:
Statement of responsibility, etc by Zoya Hasan
Remainder of title negotiating equity and justice in india /
260 ## - PUBLICATION, DISTRIBUTION, ETC. (IMPRINT)
Place of publication, distribution, etc New Delhi
Name of publisher, distributor, etc Oxford University Press
Date of publication, distribution, etc 2018
270 ## - ADDRESS
City New Delhi
Postal code 110002
Address 2/11 Ground Floor, Ansari Road, Daryaganj,
300 ## - PHYSICAL DESCRIPTION
Extent xv,178p
Dimensions 21cm.(Hb)
500 ## - GENERAL NOTE
General note It includes index and about the authors
942 ## - ADDED ENTRY ELEMENTS (KOHA)
Source of classification or shelving scheme Dewey Decimal Classification
Item type English Books
Classification part 320.9540905
Call number suffix ZOY
Holdings
Withdrawn status Lost status Not for loan Collection code Home library Current library Date acquired Source of acquisition Cost, normal purchase price Full call number Barcode Copy number Cost, replacement price Koha item type
    Not For Loan Non-fiction D.B.Act.Division Bawana 24/10/2018 DBAD/PUB 675.00 320.9540905 ZOY EN-107884 1 675.00 English Books

© Delhi Public Library
Hit Counter
free hit counter